WHEN BREATH BECOMES AIR (Record no. 7029)
[ view plain ]
| 000 -LEADER | |
|---|---|
| fixed length control field | 00638nam a22001457a 4500 |
| 020 ## - INTERNATIONAL STANDARD BOOK NUMBER | |
| ISBN | 978-1-847-92367-7 |
| 082 ## - DEWEY DECIMAL CLASSIFICATION NUMBER | |
| Classification number | 823 |
| Item number | KAL/W |
| 100 ## - MAIN ENTRY--AUTHOR NAME | |
| Personal name | KALANITHI, PAUL |
| 245 ## - TITLE STATEMENT | |
| Title | WHEN BREATH BECOMES AIR |
| 260 ## - PUBLICATION, DISTRIBUTION, ETC. (IMPRINT) | |
| Place of publication | LONDON |
| Name of publisher | PENGUIN RANDOM HOUSE |
| Year of publication | 2016 |
| 300 ## - PHYSICAL DESCRIPTION | |
| Number of Pages | 228 |
| 520 ## - SUMMARY, ETC. | |
| Summary, etc | When Breathe Becomes Air is a sad story of a guy who just made it in life— he was young, had a great wife who was expecting their first child, and he was the main neurosurgeon at the general hospital at 36. And then the roof came crashing in when he was diagnosed with stage four terminal lung career (as a non-smoker). |
| 650 ## - SUBJECT ADDED ENTRY--TOPICAL TERM | |
| Topical Term | STORY |
| 942 ## - ADDED ENTRY ELEMENTS (KOHA) | |
| Koha item type | Books |
| Withdrawn status | Lost status | Collection code | Home library | Current library | Shelving location | Date acquired | Source of acquisition | Cost, normal purchase price | Full call number | Accession Number | Koha item type |
|---|---|---|---|---|---|---|---|---|---|---|---|
| Fiction | Main Library | Main Library | NEW SHELF WITH NEW ENTRY | 26/10/2023 | Purchase | 650.00 | 823 KAL/W | 13228 | Books |